{"text_format":"2","workbook":"xlsx","n_sheets":3,"sheets":["Sheet1","Sheet2","Sheet3"],"not_rendered":{"charts":0,"images":0,"macros":0,"external_links":0,"defined_names":0,"comments":0,"pivot_tables":0},"unopened":[],"bounds":{"document_bytes":16777216,"sheet_cells":100000,"run_cost":"one","rows_first":2000,"rows_last":500,"rows_between":2000,"halvings":0,"cell_chars":16384,"cell_head_chars":4096},"cells_cut":0,"cells_raw":0,"read":"whole","date_system":"1900"}

{"sheet":"Sheet1","index":0,"n_rows":11,"n_cols":10,"rows_kept":11,"cut":false,"hidden":false,"merged":[[1,8,1,9],[0,0,0,9],[2,0,3,0],[2,1,3,1],[2,2,3,2],[2,3,2,5],[2,6,2,8],[2,9,3,9],[1,0,1,4]]}
["盘点统计表"]
["物品类别：                            ",{"$nulls":7},"  2007 年  8 月  25 日"]
["物品名称","单位","单价","数量",null,null,"金额",null,null,"备注"]
[null,null,null,"实盘","账面","差量","实盘","账面","差额"]
["DVD套装","件",483,140,135,{"$f":"E5-D5","v":-5},{"$f":"C5*D5","v":67620},{"$f":"C5*E5","v":65205},{"$f":"C5*F5","v":-2415}]
["彩色电视机","件",1972,500,503,{"$f":"E6-D6","v":3},{"$f":"C6*D6","v":986000},{"$f":"C6*E6","v":991916},{"$f":"C6*F6","v":5916}]
["电磁炉","件",627,820,680,-140,514140,426360,-87780]
["遥控坐扇","件",389,180,205,25,70020,79745,9725]
["光波微波炉","件",408,640,650,10,261120,265200,4080]
["组合音响","件",1204,80,80,0,96320,96320,0]
["家庭影院","件",1124,340,360,20,382160,404640,22480]

{"sheet":"Sheet2","index":1,"n_rows":0,"n_cols":0,"rows_kept":0,"cut":false,"hidden":false,"merged":[]}

{"sheet":"Sheet3","index":2,"n_rows":14,"n_cols":10,"rows_kept":14,"cut":false,"hidden":false,"merged":[[0,0,0,9],[1,0,1,9],[2,0,3,0],[2,1,3,1],[2,2,3,2],[2,3,2,5],[2,6,2,8],[2,9,3,9]]}
["盘点统计表"]
["物品类别：联想                                                     2006   年  6  月  28  日"]
["物品名称","单位","单价","数量",null,null,"金额",null,null,"备注"]
[null,null,null,"实盘","帐面","差量","实盘","帐面","差额"]
["80G硬盘","件",483,140,135,{"$f":"E5-D5","v":-5}]
["液晶显示器","件",1972,500,503,{"$f":"E6-D6","v":3}]
["主板","件",627,820,680,-140]
["显卡","件",389,180,205,25]
["512M内存","件",408,640,650,10]
["奔腾2.2CPU","件",1204,80,80,0]
["纯平显示器","件",1124,340,360,20]
["主机箱","件",371,300,305,5]
["网线","件",1.5,500,800,300]
["交换机","件",408,230,200,-30]